Greatest College Basketball Players of all Time - Statistics

General Stats
  • This quiz has been taken 73 times
  • The average score is 13 of 30
Answer Stats
Hint Answer % Correct
UCLA Lew Alcindor
86%
UNC Michael Jordan
81%
Georgetown Patrick Ewing
77%
Indiana State Larry Bird
73%
UCLA Bill Walton
69%
West Virginia Jerry West
69%
LSU Pete Maravich
69%
San Francisco Bill Russell
67%
Duke Christian Laettner
66%
Michigan Cazzie Russell
64%
Houston Hakeem Olajuwon
63%
Kansas Wilt Chamberlain
61%
Cincinnati Oscar Robertson
56%
Virginia Ralph Sampson
53%
NC State David Thompson
33%
Princeton Bill Bradley
31%
Holy Cross Bob Cousy
31%
Houston Elvin Hayes
31%
Notre Dame Austin Carr
28%
Seattle Elgin Baylor
27%
Ohio State Jerry Lucas
27%
LSU Bob Pettit
20%
DePaul George Mikan
20%
Louisville Darrell Griffith
19%
St Bonaventure Bob Lanier
9%
Kentucky Dan Issel
9%
UCLA Sidney Wicks
6%
Maryland Len Bias
2%
Wake Forest Len Chappell
2%
Purdue Rick Mount
2%
No matching quizzes found
Score Distribution
Percent of People with Each Score
Percentile by Number Answered
Your Score History
You have not taken this quiz